Kraje produkujące najwięcej kawy - Statystyki

Ogólne statystyki
  • Ten quiz został rozwiązany 280 razy
  • Średni wynik to 5 z 10
Statystyki odpowiedzi
Produkcja Kontynent Kraj % Poprawnych
2 680 000 ton Ameryka Południowa Brazylia
97%
750 000 ton Ameryka Południowa Kolumbia
81%
310 000 ton Azja Indie
76%
350 000 ton Ameryka Południowa Peru
64%
670 000 ton Azja Indonezja
54%
470 000 ton Afryka Etiopia
38%
1 540 000 ton Azja Wietnam
36%
480 000 ton Ameryka Północna Honduras
28%
250 000 ton Ameryka Północna Gwatemala
24%
210 000 ton Afryka Uganda
7%
Nie znaleziono quizów pasujących do podanych kryteriów
Rozkład punktacji
Procent ludzi z każdym wynikiem
Percentyl według liczby udzielonych odpowiedzi
Twoja historia wyników
Nie rozwiązałeś tego quizu